000 nam a22 a 4500
999 _c3376
_d3376
003 AKMAL
005 20170522123720.0
008 170522s2003 my a g|b 000 0 eng d
020 _a9679933989 (pbk.) :
_cRM21.00
040 _aAKMAL
_cAKMAL
082 0 4 _a658.4038 RAJ
_222
090 0 0 _a658.4038
_bRAJ
100 0 _aRaja Malik Mohamed
_9702
245 1 0 _aChallenges in managing information & communications technology :
_ba CIO guide /
_cRaja Malik Mohamed
260 _aKuala Lumpur :
_bInstitut Tadbiran Awam Negara,
_c2003
300 _axiv, 160p. :
_bill. ;
_c20cm.
440 0 _aIntan management series
_9891
504 _aBibliography: p. 159-160
650 1 0 _aInformation technology
_xManagement
_96829
650 2 0 _aManagement information systems
_9729
650 2 0 _aInformation resources management
_9871
942 _2ddc
_cBOOK